000 01393cam a22003254a 4500
999 _c1162
_d1162
001 15050620
003 GZU
005 20200928151554.0
008 071019s2009 maua b 001 0 eng
010 _a 2007043509
020 _a9780073373607 (alk. paper)
020 _a0073373605 (alk. paper)
040 _aDLC
_cDLC
_dDLC
050 0 0 _aHF1017
_b.ACZ 2009
100 1 _aAczel, Amir D.
_eauthor
245 1 0 _aComplete business statistics /
_cAmir D. Aczel, Jayavel Sounderpandian.
250 _a7th ed.
260 _aBoston :
_bMcGraw-Hill/Irwin,
_cc2009.
300 _axxii, 804 p. :
_bcol. ill. ;
_c28 cm.
_e1 CD-ROM (4 3/4 in.)
490 0 _aThe McGraw-Hill/Irwin series Operations and decision sciences
504 _aIncludes bibliographical references and index.
538 _aSystems requirements for accompanying disc: PC Pentilum Based Processor, Microsoft Windows 2000/XP/Vista, Microsoft Internet Explorer 5.5 as Default Browser, Microsoft Office or Equivalent.
650 0 _aCommercial statistics.
650 0 _aStatistics.
700 1 _aSounderpandian, Jayavel.
_eauthor
856 4 1 _3Table of contents only
_uhttp://www.loc.gov/catdir/toc/ecip083/2007043509.html
906 _a7
_bcbc
_corignew
_d1
_eecip
_f20
_gy-gencatlg
942 _2lcc
_cBK
_e7th ed.
_h1017
_iACZ
_kHF